Miejscowości w gminie Prószków z mapą - Statystyki

Ogólne statystyki
  • Ten quiz został rozwiązany 62 razy
  • Średni wynik to 9 z 14
Odpowiedzi na mapie
Odpowiedzi zakodowano w zielono-czerwonej skali na mapie do tego quizu, zgodnie z poniższymi procentami.
 
Statystyki odpowiedzi
Miejscowość % Poprawnych
Prószków
100%
Ligota Prószkowska
79%
Przysiecz
68%
Chrząszczyce
63%
Folwark
63%
Górki
63%
Jaśkowice
63%
Zimnice Wielkie
63%
Boguszyce
58%
Zimnice Małe
58%
Źlinice
58%
Chrzowice
53%
Złotniki
53%
Nowa Kużnia
47%
Nie znaleziono quizów pasujących do podanych kryteriów
Rozkład punktacji
Procent ludzi z każdym wynikiem
Percentyl według liczby udzielonych odpowiedzi
Twoja historia wyników
Nie rozwiązałeś tego quizu